Faculty of Law Library — Cairo University

Official Online Catalog

Imbalance of powers : (Record no. 47461)

MARC details
000 -LEADER
fixed length control field 01653cac a2200373 i 4500
003 - CONTROL NUMBER IDENTIFIER
control field EG-GICUC
005 - DATE AND TIME OF LATEST TRANSACTION
control field 20260121101408.0
008 - FIXED-LENGTH DATA ELEMENTS--GENERAL INFORMATION
fixed length control field 951020s2003 nyu frb 001 0 eng d
020 ## - INTERNATIONAL STANDARD BOOK NUMBER
International Standard Book Number 0934143986
040 ## - CATALOGING SOURCE
Original cataloging agency DLC
Transcribing agency DLC
Modifying agency DLC
-- EG-GICUC
Language of cataloging eng
Description conventions rda
043 ## - GEOGRAPHIC AREA CODE
Geographic area code n-us---
082 00 - DEWEY DECIMAL CLASSIFICATION NUMBER
Classification number 341.48
Edition number 21
092 04 - LOCALLY ASSIGNED DEWEY CALL NUMBER (OCLC)
Edition number 21
099 ## - LOCAL FREE-TEXT CALL NUMBER (OCLC)
Classification number Law 08 2003
100 1# - MAIN ENTRY--PERSONAL NAME
Personal name Silverstein, Gordon.
245 10 - TITLE STATEMENT
Title Imbalance of powers :
Remainder of title How changes to U.S. Law & policy Since 9/11 erode human rights and civil liberties September 2002 - March 2003.
264 ## - PRODUCTION, PUBLICATION, DISTRIBUTION, MANUFACTURE, AND COPYRIGHT NOTICE
Place of production, publication, distribution, manufacture Washington :
Name of producer, publisher, distributor, manufacturer Lawyers Cmmittee for Human Rights,
Date of production, publication, distribution, manufacture, or copyright notice 2003.
300 ## - PHYSICAL DESCRIPTION
Extent viii, 108 page ;
Dimensions 22 cm.
336 ## - CONTENT TYPE
Content type term text
Content type code txt
Source rdacontent
337 ## - MEDIA TYPE
Media type term unmediated
Media type code n
Source rdamedia
338 ## - CARRIER TYPE
Carrier type term volume
Carrier type code nc
Source rdacarrier
500 ## - GENERAL NOTE
General note Imbalance of powers is an update to lawyers committee's A year of loss : Re-examining civil liberties since september 11, Which was published in September 2002.
610 10 - SUBJECT ADDED ENTRY--CORPORATE NAME
Corporate name or jurisdiction name as entry element United States.
Subordinate unit Congress
General subdivision Powers and duties.
650 #0 - SUBJECT ADDED ENTRY--TOPICAL TERM
Topical term or geographic name entry element Constitutional law
Geographic subdivision United States.
650 #0 - SUBJECT ADDED ENTRY--TOPICAL TERM
Topical term or geographic name entry element Executive power
Geographic subdivision United States.
650 #0 - SUBJECT ADDED ENTRY--TOPICAL TERM
Topical term or geographic name entry element Separation of powers
Geographic subdivision United States.
651 #0 - SUBJECT ADDED ENTRY--GEOGRAPHIC NAME
Geographic name United States
General subdivision Foreign relations
-- Law and legislation.
856 42 - ELECTRONIC LOCATION AND ACCESS
Uniform Resource Identifier <a href="https://fll.law.cu.edu.eg/fulltext/bks/ENGB08-00060.pdf">https://fll.law.cu.edu.eg/fulltext/bks/ENGB08-00060.pdf</a>
856 42 - ELECTRONIC LOCATION AND ACCESS
Materials specified Publisher description
Uniform Resource Identifier <a href="http://www.loc.gov/catdir/enhancements/fy0605/95046428-d.html">http://www.loc.gov/catdir/enhancements/fy0605/95046428-d.html</a>
856 41 - ELECTRONIC LOCATION AND ACCESS
Materials specified Table of contents only
Uniform Resource Identifier <a href="http://www.loc.gov/catdir/enhancements/fy0605/95046428-t.html">http://www.loc.gov/catdir/enhancements/fy0605/95046428-t.html</a>
856 42 - ELECTRONIC LOCATION AND ACCESS
Materials specified Contributor biographical information
Uniform Resource Identifier <a href="http://www.loc.gov/catdir/enhancements/fy0723/95046428-b.html">http://www.loc.gov/catdir/enhancements/fy0723/95046428-b.html</a>
905 ## - Cataloger and Reviser Names
Cataloger Name: Hend El khosy
942 ## - ADDED ENTRY ELEMENTS (KOHA)
Source of classification or shelving scheme Dewey Decimal Classification
Koha item type Books
Edition 21
Suppress in OPAC No
Holdings
Withdrawn status Lost status Source of classification or shelving scheme Damaged status Not for loan Collection Home library Current library Date acquired Total checkouts Full call number Barcode Date last seen Copy number Price effective from Koha item type Public note
    Dewey Decimal Classification     القانون الدستوري جــــامعة القــاهرة مكتبة كلية الحقوق - فـرع الشيخ زايد 30.11.2025   Law2 08 341.48 IM 2003 0800060 C1 ENGB08-00060 30.11.2025 1 30.11.2025 Books 1642

© All rights reserved — Faculty of Law, Cairo University